The new geography of innovation (Record no. 115638)

MARC details
000 -LEADER
fixed length control field 00218 a2200097 4500
020 ## - INTERNATIONAL STANDARD BOOK NUMBER
International Standard Book Number 9780008750497
100 ## - MAIN ENTRY--PERSONAL NAME
Personal name Mehran Gul
245 ## - TITLE STATEMENT
Title The new geography of innovation
260 ## - PUBLICATION, DISTRIBUTION, ETC. (IMPRINT)
Name of publisher, distributor, etc Harper Collins
Date of publication, distribution, etc 2025
942 ## - ADDED ENTRY ELEMENTS (KOHA)
Koha item type On order/under processing
Holdings
Withdrawn status Lost status Damaged status Not for loan Home library Current library Date acquired Source of acquisition Cost, normal purchase price Total Checkouts Barcode Date last seen Cost, replacement price Price effective from Koha item type
        University Library University Library 09/03/2026 269 479.20   00097724 09/03/2026 599.00 09/03/2026 On order/under processing
University Library, CUSAT